Hablar del tiempo: los sindicatos y el cambio climático

Збережено в:
Бібліографічні деталі
Формат: Текст
Предмети:
Теги: Додати тег
Немає тегів, Будьте першим, хто поставить тег для цього запису!

MARC

LEADER 00000 a a2200000 04500
001 18704
003
040
245 |a Hablar del tiempo:   |b los sindicatos y el cambio climático  
650 |a MEDIO AMBIENTE  
650 |a CAMBIOS CLIMATICOS  
650 |a DESARROLLO SOSTENIBLE  
650 |a TURISMO  
650 |a EMPLEO  
650 |a SINDICATOS  
650 |a EUROPA  
773 |g número 60; páginas 12-15  
999 |c 30973  |d 30973